Patentin hükümsüzlüğü / (Record no. 200130240)

MARC details
000 -LEADER
fixed length control field 01306cam a2200397 i 4500
001 - CONTROL NUMBER
control field 200130240
003 - CONTROL NUMBER IDENTIFIER
control field TR-AnTOB
005 - DATE AND TIME OF LATEST TRANSACTION
control field 20260217101609.0
007 - PHYSICAL DESCRIPTION FIXED FIELD--GENERAL INFORMATION
fixed length control field ta
008 - FIXED-LENGTH DATA ELEMENTS--GENERAL INFORMATION
fixed length control field 160812s2013 tu b 000 0 tur c
010 ## - LIBRARY OF CONGRESS CONTROL NUMBER
LC control number 2013328912
020 ## - INTERNATIONAL STANDARD BOOK NUMBER
International Standard Book Number 9786051520162
Qualifying information (paperback)
035 ## - SYSTEM CONTROL NUMBER
System control number 19226055
System control number (OCoLC)887891735
System control number (TR-AnTOB)200130240
040 ## - CATALOGING SOURCE
Original cataloging agency NjP
Language of cataloging eng
Description conventions rda
Transcribing agency PUL
Modifying agency OCLCO
-- OCLCF
-- DLC
-- TR-AnTOB
041 0# - LANGUAGE CODE
Language code of text/sound track or separate title Türkçe
043 ## - GEOGRAPHIC AREA CODE
Geographic area code a-tu---
050 04 - LIBRARY OF CONGRESS CALL NUMBER
Classification number KKX1194
Item number .K3938 2013
090 ## - LOCALLY ASSIGNED LC-TYPE CALL NUMBER (OCLC); LOCAL CALL NUMBER (RLIN)
Classification number (OCLC) (R) ; Classification number, CALL (RLIN) (NR) KKX1194
Local cutter number (OCLC) ; Book number/undivided call number, CALL (RLIN) .K3938 2013
100 1# - MAIN ENTRY--PERSONAL NAME
Personal name Kayatekin, Deniz,
Dates associated with a name 1985-
Relator term author
9 (RLIN) 92232
245 10 - TITLE STATEMENT
Title Patentin hükümsüzlüğü /
Statement of responsibility, etc. Av. Deniz Kayatekin.
250 ## - EDITION STATEMENT
Edition statement 1. baskı.
264 #1 - PRODUCTION, PUBLICATION, DISTRIBUTION, MANUFACTURE, AND COPYRIGHT NOTICE
Place of production, publication, distribution, manufacture Şişli, İstanbul :
Name of producer, publisher, distributor, manufacturer On İki Levha Yayıncılık,
Date of production, publication, distribution, manufacture, or copyright notice 2013.
300 ## - PHYSICAL DESCRIPTION
Extent xiii, 124 pages ;
Dimensions 24 cm
336 ## - CONTENT TYPE
Content type term text
Content type code txt
Source rdacontent
337 ## - MEDIA TYPE
Media type term unmediated
Media type code n
Source rdamedia
338 ## - CARRIER TYPE
Carrier type term volume
Carrier type code nc
Source rdacarrier
500 ## - GENERAL NOTE
General note "Yayın no: 356"--Page facing title page.
General note Originally presented as the author's thesis (masters)--İstanbul Üniversitesi, 11.08.2011.
504 ## - BIBLIOGRAPHY, ETC. NOTE
Bibliography, etc. note Includes bibliographical references.
650 #7 - SUBJECT ADDED ENTRY--TOPICAL TERM
Topical term or geographic name entry element Patent hukuku ve mevzuatı
Geographic subdivision Türkiye
Source of heading or term etuturkob
9 (RLIN) 74276
Topical term or geographic name entry element Fikri mülkiyet
Geographic subdivision Türkiye
Source of heading or term etuturkob
9 (RLIN) 126864
942 ## - ADDED ENTRY ELEMENTS (KOHA)
Source of classification or shelving scheme Library of Congress Classification
Koha item type Book
Holdings
Withdrawn status Lost status Source of classification or shelving scheme Not for loan Collection code Home library Current library Shelving location Date acquired Source of acquisition Cost, normal purchase price Inventory number Total Checkouts Total Holds Full call number Barcode Date last seen Date last checked out Copy number Cost, replacement price Date shelved Koha item type
    Library of Congress Classification Ödünç Verilebilir / Available Genel Koleksiyon Merkez Kütüphane Merkez Kütüphane Genel Koleksiyon / Main Collection 14/08/2013 Satın Alma / Purchase 0.00 HUK 1   KKX1194 .K3938 2013 0042636 12/04/2017 08/04/2017 1 21.67 29/07/2013 Book
Devinim Yazılım Eğitim Danışmanlık tarafından Koha'nın orjinal sürümü uyarlanarak geliştirilip kurulmuştur.